000 00428nam a2200181Ia 4500
001 22702
005 20260414150848.0
008 260414t2006||||xx |||||||||||||| ||spa||
041 _aESP
082 _a621.384156
_bR83
100 _aRoddy, Dennis
_eAUT
245 0 _aSatellite communications
_b
260 _c2006
300 _axii, 636 páginas :
_c23 cm.
650 _aTCA
654 _aCET
942 _cLIB
_dJUS
_fJUS
_2ddc
_n
999 _c22702
_d22702